Automobiles that begin with D - Statistics

General Stats
  • This quiz has been taken 14 times
  • The average score is 6 of 26
Answer Stats
Manufacturer Type Answer % Correct
Dodge Mid-size SUV Durango
64%
Dodge Pickup truck Dakota
50%
Dodge Compact car Dart
50%
Citroën Executive car DS
50%
Cadillac Full-size luxury car DeVille
43%
Lamborghini Sports car Diablo
43%
Fiat Van Ducato
43%
Land Rover Luxury 4X4 Defender
36%
Fiat Sports car Dino
36%
Iveco Van Daily
29%
Ferrari Sports car Daytona
29%
Land Rover Mid-size luxury crossover Discovery
29%
Fiat Panel van Doblò
29%
Mazda Supermini Demio
14%
Dodge Mid-size car Diplomat
14%
Cadillac Full-size luxury car DTS
14%
Volvo Estate Duett
14%
Mitsubishi Van Delica
7%
Honda Subcompact car Domani
7%
Dodge Mid-size car Dynasty
7%
Renault Small family car Dauphine
0%
Ferrari Sports car Daytona SP3
0%
Chevrolet Full-size car Delray
0%
Volkswagen Supermini Derby
0%
Jeep Service truck DJ
0%
Fiat Supermini Duna
0%
No matching quizzes found
Score Distribution
Percent of People with Each Score
Percentile by Number Answered
Your Score History
You have not taken this quiz